|
|
|
|
| LEADER |
00816nam a2200217 a 4500 |
| 001 |
000639030 |
| 003 |
CZ BrMZK |
| 005 |
20030313155128.0 |
| 007 |
ta |
| 008 |
021128s1927 xr f cze d |
| 040 |
|
|
|a BOA001
|b cze
|c BOA001
|
| 100 |
1 |
|
|a Klicpera, Václav Kliment,
|d 1792-1859
|7 jk01060448
|4 aut
|
| 245 |
1 |
0 |
|a Rohovín Čtverrohý :
|b fraška v jednom jednání /
|c sepsal Václav Kliment Klicpera
|
| 260 |
|
|
|a V Praze :
|b Jindřich Bačkovský,
|c [1927]
|
| 300 |
|
|
|a 31 s.
|
| 490 |
1 |
|
|a Bačkovského národní divadelní hry ;
|v 5
|
| 500 |
|
|
|a Otištěno dle vydání v Almanachu dramatických her z r. 1825
|
| 830 |
|
0 |
|a Bačkovského národní divadelní hry
|
| 910 |
|
|
|a BOA001
|b 1-0156.758,5
|
| 990 |
|
|
|a BK
|
| 996 |
6 |
|
|b 2619219593
|c 1-0156.758,5
|l MZK
|r Sklad / do 1 hodiny
|n 1
|w 000639030
|u 000020
|a 1
|e BOA001
|j MZK50
|s P
|